| 000 | 00498nam a2200181Ia 4500 | ||
|---|---|---|---|
| 005 | 20250603144946.0 | ||
| 008 | 250603s9999 xx 000 0 und d | ||
| 020 | _a9780273752356 | ||
| 050 | _aHG 4028 .B2 .P48/ | ||
| 100 | _aPetersen, Christian V. | ||
| 245 | 0 | _aFinancial statement analysis : valuation, credit analysis, executive compensation | |
| 260 | _a New York | ||
| 260 | _bFinancial Times/Prentice Hall | ||
| 260 | _c2012 | ||
| 300 | _a478 p | ||
| 650 | _a New York | ||
| 942 | _cBK | ||
| 999 |
_c40459 _d40459 |
||